| 000 | 00771nam a2200253Ia 4500 | ||
|---|---|---|---|
| 003 | OSt | ||
| 005 | 20220925174227.0 | ||
| 006 | a|||||r|||| 00| 0 | ||
| 007 | ta | ||
| 008 | 220923b |||||||| |||| 00| 0 eng d | ||
| 037 | _cGeneral Book | ||
| 040 |
_aRTL _cRTL _beng |
||
| 041 |
_2eng _aeng |
||
| 082 | _aV275.K, G9.1 | ||
| 100 |
_aPaul Pramode Lal _9246276 |
||
| 245 | 0 |
_aEarly history of Bengal _b From the earliest times |
|
| 260 |
_aCalcutta _bIndian Research Institute _c1939 |
||
| 300 |
_a158p _ccm. |
||
| 490 | _aIndian Research Institute Publication, Indian History Series; 2 | ||
| 500 | _aAppendix: P 73-110 | ||
| 650 | _aHistory of Bengal | ||
| 942 |
_hV275.K, G9.1 _cGB _2CC |
||
| 999 |
_c490338 _d490338 |
||